000 00892nam a2200229Ia 4500
003 GCL
005 20240530095557.0
008 140319s9999 xx 000 0 ara d
040 _aGCL /
_cGCL
082 0 4 _a189.1
_bع م
100 1 _aعبدالامير شمس الدين
245 1 0 _aالمذهب التربوى عند ابن سينا من خلال فلسفته العملية /
_cعبدالامير شمس الدين
250 _aالاولى
260 _aبيروت :
_bالشركة العالمية للكتاب ش م ل ،
_c1988
300 _a446 ص ؛
_c24 سم
490 _aموسوعة الفكر التربوى العربى الاسلامى . قطاع الفلاسفة
_v0
650 0 4 _aالفلسفة الاسلامية
650 0 4 _aالفلسفة
650 0 4 _aالحركات الفكرية عند المسلمين
650 0 4 _aابن سينا
942 _2ddc
_cBK
999 _c8524
_d8524